| Поле | Инд. | ПП | Название | Значение |
|---|---|---|---|---|
| Тип записи | a | |||
| Библиографический уровень | b | |||
| 001 | Контрольный номер | RU/IS/BASE/113057701 | ||
| 005 | Дата корректировки | 20200630193230.8 | ||
| 084 | a | Индекс другой классификации/Индекс ББК | 60.028.13 | |
| a | Индекс другой классификации/Индекс ББК | 60.524.224.026 | ||
| 100 | 1_ | a | Автор | Науменко Т. В. |
| 245 | a | Заглавие | Массовое сознание и его роль в массово-коммуникационном процессе | |
| 500 | a | Примечание | Начало см.: Вестн. Моск. ун-та. Сер. 18, Социология и политология. - 2003. - № 1 | |
| 504 | a | Библиография | Библиогр. ссылки. - Примеч. | |
| 650 | a | Основная рубрика | социальная философия | |
| a | Основная рубрика | социология | ||
| a | Основная рубрика | философия | ||
| 653 | a | Ключевые слова | духовная жизнь общества | |
| a | Ключевые слова | идеология | ||
| a | Ключевые слова | массовая коммуникация | ||
| a | Ключевые слова | массовое сознание | ||
| a | Ключевые слова | мировоззрение | ||
| a | Ключевые слова | миросозерцание | ||
| a | Ключевые слова | общественное сознание | ||
| a | Ключевые слова | пропаганда | ||
| a | Ключевые слова | сознание | ||
| a | Ключевые слова | социальная деятельность | ||
| a | Ключевые слова | социальная коммуникация | ||
| a | Ключевые слова | специализированное знание | ||
| a | Ключевые слова | специализированное сознание | ||
| 773 | t | Заглавие источника | Вестник Московского университета. Серия 18, Социология и политология | |
| d | Дата издания источника | 2003 | ||
| g | Прочая информация | № 2. - С. 140 - 150 | ||
| w | Контрольный № источника | RU/IS/BASE/111079824 | ||
| 901 | t | Тип документа | b |